00348nam a2200097 4500008004100000040005500041080002700096100001600123245005100139260006000190240910b |||||||| |||| 00| 0 eng d aNational Science LibrarycNational Science Library a543.54.25.001.5=30bK0 aSchay, geza aTheoretische grundlagen der gaschromatographie aBerlin bVeb deutscher verlag der wissenschaften c1960